Statistiques concernant Pays du Commonwealth

Cliquez ici pour prendre le quiz!

Statistiques générales

  • Ce quiz a été pris 417 fois
  • Le résultat moyen est 5 sur 15

Statistiques - réponses

Hint Answer % Correct
Australie
91%
Canada
84%
Nouvellezélande
81%
Barbade
27%
Bahamas
26%
Antigua
24%
Jamaique
24%
Grenade
20%
saintelucie
20%
saintvincent
20%
saintchristophe
19%
Belize
16%
Salomon
16%
Tuvalu
16%
nouvelleguinee
2%

Distribution des résultats

Percentile by Number Answered

% des personnes avec chaque résultat

Votre développement - résultats

Vous n’avez pas pris ce quiz